| 000 | 01037cam a22003015i 4500 | ||
|---|---|---|---|
| 999 |
_c2563 _d2563 |
||
| 003 | EG-ScBUE | ||
| 005 | 20210131164853.0 | ||
| 008 | 200219s2001 enk g 000 1 eng d | ||
| 020 | _a0007114532 | ||
| 020 | _a978000114535 | ||
| 040 |
_aEG-ScBUE _beng _erda _cEG-ScBUE _dEG-ScBUE |
||
| 082 | 0 | 4 |
_a813.54 _bBLA _222 |
| 100 | 1 |
_aBlanchard, Kenneth H., _eauthor. |
|
| 245 | 1 | 0 |
_aLeadership by the book : _btools to transform your workplace / _cKen Blanchard, Bill Hybels, and Phil Hodges. |
| 264 | 1 |
_aLondon : _bHarperCollins, _c2001. |
|
| 300 |
_axiv, 220 pages ; _c20 cm |
||
| 336 |
_atext _btxt _2rdacontent |
||
| 337 |
_aunmediated _bn _2rdamedia |
||
| 338 |
_avolume _bnc _2rdacarrier |
||
| 500 | _a Originally published: Colorado Springs : WaterBrook Press, 1999. | ||
| 650 | 7 |
_aLeadership _xReligious aspects. _vFiction. _2BUEsh |
|
| 650 | 7 |
_aChristianity _vFiction. _2BUEsh |
|
| 651 | _2BUEsh | ||
| 653 |
_bHHUUEENN _cJanuary2021 |
||
| 700 | 1 |
_aHybels, Bill, _eauthor. |
|
| 700 | 1 |
_aHodges, Phil, _eauthor. _918644 |
|
| 942 |
_cBB _2ddc |
||